000 00601nam a2200241Ia 4500
003 OSt
005 20221005114959.0
006 a|||||r|||| 00| 0
007 ta
008 221004b |||||||| |||| 00| 0 mar d
024 _a41002
037 _cTextual
040 _aCRL
_cCRL
_bmar
041 _2mar
_amar
082 _aO155,6:g, H2
100 _aPurnik K.P. Ed.
_9626909
245 0 _aBhasyacha Abyas
260 _c1942
300 _a318p.
_ccm.
650 _aMARATHI LITERATURE
_938000
942 _hO155,6:g, H2
_cTEXL
_2cc
999 _c1033036
_d1033036